Statystyki dla Wszyscy zwycięzcy La Ligi

Kliknij tutaj aby rozwiązać quiz!

Ogólne statystyki

  • Ten quiz został rozwiązany 71 razy
  • Średni wynik to 7 z 9

Statystyki odpowiedzi

WygraneOdpowiedź% Poprawnych
27FC Barcelona
100%
35Real Madryt
100%
11Atletico Madryt
92%
6Valencia
83%
1Sevilla
80%
1Real Betis
62%
8Athletic Bilbao
60%
2Real Sociedad
57%
1Deportivo La Coruna
46%

Rozkład punktacji

Percentyl według liczby udzielonych odpowiedzi

Procent ludzi z każdym wynikiem

Twoja historia wyników

Nie rozwiązałeś tego quizu